000 00598cam a2200181 4500
001 ABS61142
008 000000n1999 000 0 eng u
035 _a(Sirsi) u101707
100 _aMaughan, B.
245 _aRisk management is your business.
260 _c1999
490 _aCost Engineer
_v37(4) July 1999, 5-9(5)
520 _aConsiders a risk maturity model developed to help businesses assess the effectiveness of their risk management procedures.
650 _aMANAGEMENT-BUSINESS MANAGEMENT
650 _aPROFESSIONAL PRACTICE
690 _aProject management
_96261
942 _n0
999 _c60832
_d60832